000 01516nam a2200313 a 4500
999 _c327486
_d327486
003 BLK
005 20250108181525.0
008 181210b bu a|||br|||| 00| 0 bu d
020 _a9786197131314
040 _aBLK
041 _aBUL
_cBUL
080 _aПриготвяне на храна(общи въпроси). Рецепти. Готварски книги
_b641.55
_x:087.5
_z641.55:087.5
100 _9383382
_aТужарова, Кристина
_eпърви автор
139 _aТужарова, Кристина
_bТ 88
245 _aМалка соленка
_b36 вкусни рецепти за приготвяне от деца
_cрецепти Кристина Тужарова ; текст Катя Антонова, Кристина Тужарова ; ил. Кристина Тужарова
260 _9219624
_aСофия
_bРибка
_c2018
_fМултипринт ЕООД
_g2018
300 _a92 с.
_bс цв. ил.
_c23Х23 см
380 _aDN
500 _aКатя Антонова - псевд. на Екатерина Николова Борисова Биогр. данни за авт. отбелязани на гърба на кор.
650 7 _9169391
_aРецепти
653 7 _9184884
_aдеца
653 7 _9184279
_aготварство
700 _aАнтонова, Катя
_eсъавт.
_91445
852 _aЦб 292249
942 _cKNG
_n0
_s1
_039
944 _aCR
_c2018-12-10
_k30537
_lГрета Цуфелде
999 _d327486
999 _d327486